Normal view
MARC view
- Amjad, Salma
Entry Personal Name
001 - CONTROL NUMBER
- control field: 14174
003 - CONTROL NUMBER IDENTIFIER
- control field: NUST
005 - DATE AND TIME OF LATEST TRANSACTION
- control field: 20190425113805.0
008 - FIXED-LENGTH DATA ELEMENTS
- fixed length control field: 190425|| aca||aabn | a|a d
040 ## - CATALOGING SOURCE
- Original cataloging agency: NUST
- Transcribing agency: NUST
100 ## - HEADING--PERSONAL NAME
- Personal name: Amjad, Salma
670 ## - SOURCE DATA FOUND
- Source citation: Work cat.: (NUST): Amjad, Salma, United states-India strategic partnership:, 2017.
